Cơ sở Matlab và ứng dụng /

में बचाया:
ग्रंथसूची विवरण
मुख्य लेखक: Không rõ
स्वरूप: पुस्तक
भाषा:Vietnamese
प्रकाशित: Khoa học và kỹ thuật 2001
टैग : टैग जोड़ें
कोई टैग नहीं, इस रिकॉर्ड को टैग करने वाले पहले व्यक्ति बनें!
Thư viện lưu trữ: Mạng thư viện Đại học Đà Nẵng
LEADER 00749nam a2200265 4500
001 000027121
003 CD01
005 20150406120000.0
008 150406s vm 000 vie
020 |c 0,0000 
040 |a notts 
100 |a Không rõ 
245 |a Cơ sở Matlab và ứng dụng /  |c Phạm Thị Ngọc Yến, Ngô Hữu Tình, Lê Tấn Hùng, Nguyễn Thị Lan Hương ; Tạ Duy Liêm hiệu đính và giới thiệu. 
260 |b Khoa học và kỹ thuật  |c 2001 
OWN |a LTT 
999 |a From the UDN01 
TYP |a Monograph 
TYP |a Printed language 
980 |a Mạng thư viện Đại học Đà Nẵng